Cyber Humanitatis

Detalles Bibliográficos
Formato: Electrónico Seriadas
Publicado: [S.l.] : Universidad de Chile, Facultad de Filosofia y Humanidades
Materias:
Acceso en línea:Full text available from PRISMA Database with HAPI Index: 01/01/2006 to 04/30/2009

MARC

LEADER 00000nas a22000003u 4500
001 ssj0000496478
003 WaSeSS
005 20200512172242.0
006 m d
007 cr n
008 200512uuuuuuuuu||||| |ss|||||| ||||||d
022 |a 0717-2869 
035 |a (WaSeSS)ssj0000496478 
040 |a WaSeSS  |c WaSeSS  |d WaSeSS 
245 0 0 |a Cyber Humanitatis  |h [electronic resource]. 
260 |a [S.l.] :  |b Universidad de Chile, Facultad de Filosofia y Humanidades 
500 |a Title from content provider. 
506 |a License restrictions may limit access. 
655 0 |a Electronic journals. 
856 4 0 |z Full text available from PRISMA Database with HAPI Index: 01/01/2006 to 04/30/2009  |u https://search.proquest.com/publication/85365